000 00662cam a22002534a 4500
999 _c140784
_d140784
003 UPN
005 20240803063751.0
008 090203s2006 es r 000 f spa d
020 _a8466745661
035 _aUPN01000168678
040 _aUPN
_bspa
_cUPN
049 _aCG
050 4 _aPQ6703 A4.3
_bR6.6 2006
100 1 _aCalderón, Emilio,
_d1960-
_931615
245 1 0 _aRoma no paga traidores /
_cEmilio Calderón.
250 _a2a ed.
260 _aMadrid :
_bAnaya,
_c2006.
300 _a163 p.
490 0 _aEspacio abierto ;
_v113
650 4 _aNovela española
_910814
651 4 _aROMA -
_vNOVELA
_943621
905 _aLibro
942 _2lcc
_cLIBRO